Влияние возмущений на управляемость систем ректификации многокомпонентных смесей; Химия и химическая технология в XXI веке; Т. 2
| Parent link: | Химия и химическая технология в XXI веке: материалы XII Всероссийской научно-практической конференции студентов и молодых ученых с международным участием, Томск, 11-13 мая 2011 г./ Национальный исследовательский Томский политехнический университет (ТПУ), Институт природных ресурсов (ИПР).— , 2011 Т. 2.— 2011.— [С. 13-15] |
|---|---|
| Autore principale: | |
| Altri autori: | , |
| Riassunto: | Заглавие с титульного листа Электронная версия печатной публикации |
| Lingua: | russo |
| Pubblicazione: |
2011
|
| Serie: | Секция 4. Технология и моделирование процессов подготовки и переработки природных энергоносителей |
| Soggetti: | |
| Accesso online: | http://www.lib.tpu.ru/fulltext/v/Conferences/2011/C6/C6a7.pdf |
| Natura: | MixedMaterials Elettronico Capitolo di libro |
| KOHA link: | https://koha.lib.tpu.ru/cgi-bin/koha/opac-detail.pl?biblionumber=215779 |
MARC
| LEADER | 00000naa2a2200000 4500 | ||
|---|---|---|---|
| 001 | 215779 | ||
| 005 | 20260119142050.0 | ||
| 035 | |a (RuTPU)RU\TPU\book\235714 | ||
| 035 | |a RU\TPU\book\235706 | ||
| 090 | |a 215779 | ||
| 100 | |a 20120516d2011 k y0rusy50 ca | ||
| 101 | 0 | |a rus | |
| 102 | |a RU | ||
| 135 | |a drnn ---uucaa | ||
| 181 | 0 | |a i | |
| 182 | 0 | |a b | |
| 200 | 1 | |a Влияние возмущений на управляемость систем ректификации многокомпонентных смесей |f А. В. Вольф, И. О. Рудникович |g науч. рук. М. А. Самборская | |
| 203 | |a Текст |c электронный | ||
| 215 | |a 1 файл (1 Мб) | ||
| 225 | 1 | |a Секция 4. Технология и моделирование процессов подготовки и переработки природных энергоносителей | |
| 300 | |a Заглавие с титульного листа | ||
| 300 | |a Электронная версия печатной публикации | ||
| 320 | |a [Библиогр.: с. 15 (2 назв.)] | ||
| 337 | |a Adobe Reader | ||
| 461 | 1 | |0 (RuTPU)RU\TPU\book\218704 |t Химия и химическая технология в XXI веке |o материалы XII Всероссийской научно-практической конференции студентов и молодых ученых с международным участием, Томск, 11-13 мая 2011 г. |o в 2 т. |f Национальный исследовательский Томский политехнический университет (ТПУ), Институт природных ресурсов (ИПР) |d 2011 | |
| 463 | 1 | |0 (RuTPU)RU\TPU\book\218881 |t Т. 2 |v [С. 13-15] |d 2011 | |
| 610 | 1 | |a многокомпонентные смеси | |
| 610 | 1 | |a ректификация | |
| 610 | 1 | |a системы | |
| 610 | 1 | |a управляемость | |
| 610 | 1 | |a возмущения | |
| 610 | 1 | |a влияние | |
| 610 | 1 | |a труды учёных ТПУ | |
| 610 | 1 | |a электронный ресурс | |
| 700 | 1 | |a Вольф |b А. В. |c учебный мастер на кафедре химической технологии топлива и химической кибернетики Томского политехнического университета |f 1986- |g Андрей Викторович |3 (RuTPU)RU\TPU\pers\28708 | |
| 701 | 1 | |a Рудникович |b И. О. | |
| 702 | 1 | |a Самборская |b М. А. |c специалист в области химической технологии |c доцент Томского политехнического университета, кандидат химических наук |f 1960- |g Марина Анатольевна |4 727 | |
| 801 | 1 | |a RU |b 63413507 |c 20120118 | |
| 801 | 2 | |a RU |b 63413507 |c 20170120 |g RCR | |
| 856 | 4 | |u http://www.lib.tpu.ru/fulltext/v/Conferences/2011/C6/C6a7.pdf | |
| 942 | |c CF | ||